Financial management : (Record no. 6162)

MARC details
000 -LEADER
fixed length control field 00774cam a22002412 4500
001 - CONTROL NUMBER
control field 0000003001
005 - DATE AND TIME OF LATEST TRANSACTION
control field 20151217151911.0
008 - FIXED-LENGTH DATA ELEMENTS--GENERAL INFORMATION
fixed length control field 070425s xx 000 0 eng d
020 ## - INTERNATIONAL STANDARD BOOK NUMBER
International Standard Book Number 0324224990 :
Terms of availability GBP 45.99
040 ## - CATALOGING SOURCE
Original cataloging agency KABU
Transcribing agency KABU
050 #0 - LIBRARY OF CONGRESS CALL NUMBER
Classification number HG4026
Item number .B75 2005
100 1# - MAIN ENTRY--PERSONAL NAME
Personal name Brigham, Eugene F.
-- 0000152563
245 10 - TITLE STATEMENT
Title Financial management :
Remainder of title theory and practice /
Statement of responsibility, etc. Eugene F. Brigham, Michael C. Ehrhardt.
250 ## - EDITION STATEMENT
Edition statement 11th ed.
260 ## - PUBLICATION, DISTRIBUTION, ETC. (IMPRINT)
Place of publication, distribution, etc. London :
Name of publisher, distributor, etc. Thomson,
Date of publication, distribution, etc. 2005.
300 ## - PHYSICAL DESCRIPTION
Extent xxiii, 1000 p.
650 #0 - SUBJECT ADDED ENTRY--TOPICAL TERM
Topical term or geographic name as entry element Corporations
General subdivision Finance.
-- 0000007704
700 1# - ADDED ENTRY--PERSONAL NAME
Personal name Ehrhardt, Michael C.
-- 0000152567
908 ## - PUT COMMAND PARAMETER (RLIN)
Put command parameter 070425
950 ## - LOCAL HOLDINGS (RLIN)
-- 1
Holdings
Withdrawn status Lost status Source of classification or shelving scheme Not for loan Home library Current library Date acquired Total Checkouts Full call number Barcode Date last seen Price effective from Koha item type Shelving location Date last checked out
    Library of Congress Classification   Kabarak, Main Campus Kabarak, Main Campus 17/12/2015   HG4026 .B75 2005 c.2 009845 17/12/2015 17/12/2015 General Collection    
    Library of Congress Classification   Kabarak, Main Campus Kabarak, Main Campus 17/12/2015 2 HG4026 .B75 2005 010441 29/11/2019 17/12/2015 General Collection General Stacks 15/11/2019
Designed with assistance from East African Informatics Ltd